000 00804nam a2200313Ia 4500
008 160525s9999||||xx |||||||||||||| ||und||
040 _cHindi
082 _avii.A (author)
082 _bBORI-29727
100 _aNemichandra shastri
245 _aSanskrut ke adi natakkar mahakavi bhas
250 _b1st
260 _aBhopal
260 _bMadhyapradesh hindi granth academy
260 _c1672
300 _a14+565
300 _cB
300 _ePaperback
530 _bGovt. of india
530 _u00030724.pdf
563 _aStudy
600 _aNemichandra shastri
630 _aSanskrut ke adi natakkar mahakavi bhas
650 _aAuthor
650 _aClassical lit.
700 _aNemichandra shastri
730 _aSanskrut ke adi natakkar mahakavi bhas
942 _cBOOK
999 _c1377829
_d1377826